[Event "SR 3. liga A2 2010/2011"]
[Site "?"]
[Date "2010.11.14"]
[Round "3.3"]
[White "Palka, Miroslav"]
[Black "Ujhelyi, Matus"]
[Result "1/2-1/2"]
[WhiteElo "1935"]
[BlackElo "2006"]
[PlyCount "80"]
[EventDate "2010.??.??"]
[WhiteTeam "Slovakia"]
[BlackTeam "II"]
[WhiteTeamCountry "SVK"]
[BlackTeamCountry "SVK"]

1. c4 Nf6 2. Nc3 g6 3. e4 d6 4. d4 Bg7 5. f3 O-O 6. Be3 e5 7. d5 Nh5 8. Qd2 f5
9. Bg5 Nf6 10. g3 a5 11. h4 fxe4 12. Nxe4 Nxe4 13. fxe4 Qe8 14. Bh3 Bxh3 15.
Nxh3 Nd7 16. O-O-O Nc5 17. Qc2 Qa4 18. Kb1 Rf7 19. Rdf1 Raf8 20. Rxf7 Rxf7 21.
h5 gxh5 22. Bc1 h6 23. Nf2 b5 24. Rxh5 Qxc4 25. Qxc4 bxc4 26. Be3 Rf3 27. Bxc5
dxc5 28. Ng4 c3 29. Nxh6+ Bxh6 30. Rxh6 cxb2 31. Kxb2 Re3 32. Rc6 Rxe4 33. Rxc5
Re2+ 34. Kb3 a4+ 35. Ka3 Rd2 36. Rxc7 Rxd5 37. Kxa4 Rd3 38. Kb5 Ra3 39. Re7
Rxa2 40. Rxe5 Rc2 1/2-1/2

[Event "SR 3. liga A2 2010/2011"]
[Site "?"]
[Date "2010.11.14"]
[Round "3.4"]
[White "Krist, Milan"]
[Black "Puobis, Jozef"]
[Result "1-0"]
[WhiteElo "2004"]
[BlackElo "1949"]
[PlyCount "49"]
[EventDate "2010.??.??"]
[WhiteTeam "Slovakia"]
[BlackTeam "II"]
[WhiteTeamCountry "SVK"]
[BlackTeamCountry "SVK"]

1. d4 d5 2. c4 Nc6 3. Nf3 Bg4 4. e3 e5 5. dxe5 Bb4+ 6. Nc3 d4 7. exd4 Bxf3 8.
gxf3 Qxd4 9. Qxd4 Nxd4 10. Bd3 Nxf3+ 11. Ke2 Nxe5 12. Nd5 Bd6 13. c5 Nxd3 14.
Kxd3 O-O-O 15. cxd6 Rxd6 16. Kc4 c6 17. Nc3 Ne7 18. Be3 b6 19. Rad1 Rxd1 20.
Rxd1 Re8 21. Ne4 Nf5 22. Nd6+ Nxd6+ 23. Rxd6 Kc7 24. Bf4 Re4+ 25. Rd4+ 1-0

[Event "SR 3. liga A2 2010/2011"]
[Site "?"]
[Date "2010.11.14"]
[Round "3.4"]
[White "Lanyi, Frantisek"]
[Black "Liptak, Tomas"]
[Result "0-1"]
[WhiteElo "1725"]
[BlackElo "2073"]
[PlyCount "36"]
[EventDate "2010.??.??"]
[WhiteTeam "Slovakia"]
[BlackTeam "II"]
[WhiteTeamCountry "SVK"]
[BlackTeamCountry "SVK"]

1. e4 d6 2. d4 Nd7 3. f4 e5 4. Nf3 Ngf6 5. Bd3 exd4 6. Nxd4 Nc5 7. Nc3 c6 8.
O-O Qb6 9. Kh1 Bg4 10. Nf3 O-O-O 11. h3 h5 12. b3 d5 13. Qe2 dxe4 14. Bxe4 Qb4
15. Kg1 Qxc3 16. hxg4 Ncxe4 17. Be3 hxg4 18. Ne5 Rh1+ 0-1

[Event "SR 3. liga A2 2010/2011"]
[Site "?"]
[Date "2010.11.14"]
[Round "3.4"]
[White "Lopatievov, Alexander"]
[Black "Jozefovic, Milan"]
[Result "0-1"]
[WhiteElo "1988"]
[BlackElo "1917"]
[PlyCount "150"]
[EventDate "2010.??.??"]
[WhiteTeam "Slovakia"]
[BlackTeam "II"]
[WhiteTeamCountry "SVK"]
[BlackTeamCountry "SVK"]

1. Nf3 Nc6 2. d4 d5 3. g3 Nf6 4. Bg2 e6 5. c3 Bd6 6. O-O O-O 7. b4 b6 8. Nbd2
Ne4 9. Nxe4 dxe4 10. Nd2 f5 11. Qb3 Rb8 12. f3 exf3 13. Bxf3 Ne7 14. e4 fxe4
15. Nxe4 Kh8 16. Bb2 Ng6 17. Rad1 e5 18. c4 exd4 19. Bxd4 Qe7 20. Nxd6 cxd6 21.
Rde1 Ne5 22. Bd5 Bh3 23. Rxf8+ Rxf8 24. Qe3 Qf6 25. Bg2 Bxg2 26. Kxg2 Nxc4 27.
Qc3 Ne5 28. Bxe5 Qf2+ 29. Kh3 Qf5+ 30. Kg2 dxe5 31. Qxe5 Qf2+ 32. Kh3 Qxa2 33.
Qd6 Qf7 34. Qe7 Qxe7 35. Rxe7 Ra8 36. Rb7 h6 37. Kg4 Rc8 38. Rxa7 Rc4+ 39. Kf5
Kh7 40. Rb7 Rxb4 41. h4 Rb1 42. h5 b5 43. Ke4 b4 44. g4 b3 45. Kf3 Rh1 46. Kg2
Rb1 47. Rb8 b2 48. Kh2 g5 49. Rb7+ Kg8 50. Kg2 Kf8 51. Kf2 Ke8 52. Kg2 Kd8 53.
Kh2 Kc8 54. Rb4 Kc7 55. Kg2 Kc6 56. Rb8 Kc5 57. Rb3 Kc4 58. Rb8 Kc3 59. Rc8+
Kd3 60. Rd8+ Ke3 61. Rb8 Re1 62. Rb3+ Kf4 63. Rb4+ Re4 64. Rxb2 Kxg4 65. Rc2
Kxh5 66. Rc3 Kg4 67. Rg3+ Kf5 68. Rf3+ Rf4 69. Rb3 h5 70. Rb5+ Kg4 71. Rb3 h4
72. Rb2 h3+ 73. Kh2 Kh4 74. Rb8 Rf2+ 75. Kg1 Rd2 0-1

[Event "SR 3. liga A2 2010/2011"]
[Site "?"]
[Date "2010.11.14"]
[Round "3.4"]
[White "Mihalik, Anton"]
[Black "Hrubsa, Marian"]
[Result "1-0"]
[WhiteElo "1919"]
[BlackElo "1978"]
[PlyCount "105"]
[EventDate "2010.??.??"]
[WhiteTeam "Slovakia"]
[BlackTeam "II"]
[WhiteTeamCountry "SVK"]
[BlackTeamCountry "SVK"]

1. c4 e5 2. Nc3 Nf6 3. g3 Nc6 4. Bg2 Be7 5. Nf3 O-O 6. O-O d6 7. d4 exd4 8.
Nxd4 Ne5 9. b3 c6 10. Bb2 Re8 11. Qc2 Bd7 12. Rad1 Qc8 13. Ne4 Bh3 14. Ng5 Bxg2
15. Kxg2 Qg4 16. Ngf3 Rad8 17. Nf5 Bf8 18. Bxe5 dxe5 19. Rxd8 Rxd8 20. Nxe5
Qe4+ 21. Qxe4 Nxe4 22. Nd3 Nc3 23. Kf3 g6 24. Ne3 f5 25. a4 Kf7 26. Rc1 Ne4 27.
Rc2 Kf6 28. h4 h6 29. Kg2 g5 30. f3 Nd6 31. hxg5+ hxg5 32. c5 Nf7 33. Nc4 Rd5
34. b4 Be7 35. Kf2 Bd8 36. b5 cxb5 37. axb5 b6 38. Ne3 Rd4 39. c6 Bc7 40. Nb4
Bxg3+ 41. Kg2 Be5 42. Ned5+ Ke6 43. c7 Nd6 44. c8=Q+ Nxc8 45. Rxc8 Rxd5 46.
Nxd5 Kxd5 47. Rf8 Ke6 48. Ra8 Bd4 49. Rxa7 f4 50. Kh3 Kf5 51. Rd7 Bc5 52. Rd5+
Kg6 53. Rxc5 1-0

[Event "SR 3. liga A2 2010/2011"]
[Site "?"]
[Date "2010.11.14"]
[Round "3.4"]
[White "Szitasi, Janos"]
[Black "Kastler, Peter"]
[Result "1-0"]
[WhiteElo "2020"]
[BlackElo "1711"]
[PlyCount "111"]
[EventDate "2010.??.??"]
[WhiteTeam "Slovakia"]
[BlackTeam "II"]
[WhiteTeamCountry "SVK"]
[BlackTeamCountry "SVK"]

1. e4 e6 2. d3 d5 3. Nd2 dxe4 4. dxe4 Nd7 5. Ngf3 Bd6 6. Nc4 Be7 7. e5 b6 8.
Be2 Bb7 9. O-O Nc5 10. b3 Qxd1 11. Rxd1 Ne4 12. Bb2 Bc5 13. Nd4 Ne7 14. Ne3 O-O
15. c3 Nd5 16. Nxd5 exd5 17. b4 Be7 18. g3 Ng5 19. h4 Ne6 20. Nf5 Bd8 21. Bf3
c6 22. Nd6 Rb8 23. Nxb7 Rxb7 24. b5 cxb5 25. Rxd5 Re7 26. Rad1 Rfe8 27. Bg4 Bc7
28. f4 Nc5 29. Ba3 g6 30. Kg2 a6 31. Bxc5 bxc5 32. Rxc5 Bb6 33. Rc6 Rb8 34.
Rdd6 Ba5 35. Bd1 Reb7 36. Bb3 Rb6 37. c4 Rxc6 38. Rxc6 Rb6 39. cxb5 Rxc6 40.
bxc6 Bc7 41. Kf3 Kf8 42. Bc4 a5 43. a4 Ke7 44. Ke4 f6 45. g4 h6 46. h5 gxh5 47.
gxh5 fxe5 48. fxe5 Kf8 49. Kf5 Kg7 50. e6 Kf8 51. Kg6 Bf4 52. Kf6 Bg5+ 53. Ke5
Bh4 54. Kd6 Ke8 55. c7 Bg3+ 56. Kc6 1-0

[Event "SR 3. liga A2 2010/2011"]
[Site "?"]
[Date "2010.11.14"]
[Round "3.4"]
[White "Takacs, Laszlo"]
[Black "Skapikova, Lubica"]
[Result "1/2-1/2"]
[WhiteElo "1921"]
[BlackElo "1884"]
[PlyCount "87"]
[EventDate "2010.??.??"]
[WhiteTeam "Slovakia"]
[BlackTeam "II"]
[WhiteTeamCountry "SVK"]
[BlackTeamCountry "SVK"]

1. e4 e5 2. Nf3 Nc6 3. Bb5 a6 4. Ba4 Nf6 5. O-O Be7 6. Re1 b5 7. Bb3 d6 8. c3
O-O 9. h3 Na5 10. Bc2 c5 11. d4 cxd4 12. cxd4 Qc7 13. Bg5 Nc4 14. b3 Nb6 15.
Nbd2 Ne8 16. Bxe7 Qxe7 17. Nf1 Bb7 18. Ng3 g6 19. Qd2 Rc8 20. Rac1 f6 21. Bb1
Ng7 22. Nh2 Ne6 23. d5 Nd4 24. Ng4 Rxc1 25. Rxc1 Bc8 26. Ne2 Nxe2+ 27. Qxe2 Bd7
28. Qe3 Rc8 29. Rxc8+ Nxc8 30. Qc3 Bxg4 31. hxg4 Qd7 32. f3 Qa7+ 33. Kf1 Ne7
34. b4 Kg7 35. Bc2 Qd7 36. Qe3 Qc7 37. Bb3 Nc8 38. Ke2 Nb6 39. g3 g5 40. Qd2
Nc8 41. Qc2 Qxc2+ $11 42. Bxc2 Kf7 43. a4 Na7 44. axb5 1/2-1/2

[Event "SR 3. liga A2 2010/2011"]
[Site "?"]
[Date "2010.11.14"]
[Round "3.5"]
[White "Chabada, Tomas"]
[Black "Mackovic, Matus"]
[Result "1/2-1/2"]
[WhiteElo "1930"]
[BlackElo "1846"]
[PlyCount "87"]
[EventDate "2010.??.??"]
[WhiteTeam "Slovakia"]
[BlackTeam "II"]
[WhiteTeamCountry "SVK"]
[BlackTeamCountry "SVK"]

1. e4 e5 2. Nf3 Nf6 3. Nxe5 d6 4. Nf3 Nxe4 5. Nc3 Nf6 6. d4 d5 7. Bd3 Be7 8.
O-O O-O 9. h3 Nc6 10. Re1 Re8 11. Bg5 Be6 12. Qd2 Nd7 13. Bxe7 Nxe7 14. Ng5 Nf8
15. Qf4 Neg6 16. Qg3 c6 17. Re3 Qd7 18. Rae1 Re7 19. Nxe6 Rxe6 20. Rxe6 Nxe6
21. Ne2 Qc7 22. Qxc7 Nxc7 23. Bxg6 hxg6 24. Nf4 Re8 25. Rxe8+ Nxe8 26. Kf1 Nd6
27. Ke2 Kf8 28. Nd3 f6 29. Nc5 Ke8 30. f3 g5 31. b3 b6 32. Na6 Kd7 33. g4 g6
34. Kd3 Ne8 35. c4 Ng7 36. Nb4 Kd6 37. Ke3 Ne6 38. Nd3 Ng7 39. f4 gxf4+ 40.
Nxf4 g5 41. Ne2 Ne6 42. Nc3 a6 43. Ne2 Ke7 44. Kf3 $11 1/2-1/2

[Event "SR 3. liga A2 2010/2011"]
[Site "?"]
[Date "2010.11.14"]
[Round "3.5"]
[White "Kosar, Mikulas ml"]
[Black "Hagara, Vladimir"]
[Result "0-1"]
[WhiteElo "1889"]
[BlackElo "1900"]
[PlyCount "144"]
[EventDate "2010.??.??"]
[WhiteTeam "Slovakia"]
[BlackTeam "II"]
[WhiteTeamCountry "SVK"]
[BlackTeamCountry "SVK"]

1. e4 c5 2. d4 cxd4 3. Qxd4 Nc6 4. Qd3 d6 5. Nc3 Nf6 6. Nf3 e6 7. Be2 Be7 8.
Bf4 a6 9. O-O Nh5 10. Be3 O-O 11. Rad1 Qc7 12. Bg5 Nf6 13. Qe3 b5 14. a3 Bb7
15. Bd3 Rad8 16. Rfe1 Na5 17. Nd2 Nc6 18. Nf3 Rfe8 19. Qf4 Na5 20. Bxf6 Bxf6
21. e5 dxe5 22. Qg3 Bxf3 23. gxf3 g6 24. Ne4 Bg7 25. Qh3 Qe7 26. Kh1 f5 27. Ng3
Nc6 28. c3 Qc5 29. Qg2 Ne7 30. Rg1 Nd5 31. Ne2 Nf6 32. Bc2 Kf7 33. Bb3 Nd5 34.
Qg3 Nb6 35. Rxd8 Rxd8 36. Qh4 Rh8 37. Rd1 Qe7 38. Qh3 Bf6 39. f4 Nc4 40. Bxc4
bxc4 41. Qe3 exf4 42. Nxf4 Bg5 43. Qe5 Rc8 44. Nh3 Bf6 45. Qe2 Qc7 46. Kg1 e5
47. Rd5 Rd8 48. Qd2 Rxd5 49. Qxd5+ Kg7 50. Kg2 h6 51. Ng1 g5 52. Ne2 f4 53. f3
h5 54. b4 cxb3 55. Qxb3 Qc6 56. Qb4 g4 57. Ng1 Kg6 58. Qe4+ Qxe4 59. fxe4 Be7
60. a4 Kf6 61. Kf1 Ke6 62. Ne2 Kd6 63. Nc1 Bd8 64. Nd3 Bc7 65. Nb4 a5 66. Nd5
h4 67. Nf6 g3 68. hxg3 hxg3 69. Kg2 Bb6 70. c4 Bd4 71. Ne8+ Kc5 72. Nc7 Kxc4
0-1

[Event "SR 3. liga A2 2010/2011"]
[Site "?"]
[Date "2010.11.14"]
[Round "3.5"]
[White "Lanik, Miroslav"]
[Black "Kantor, Reka"]
[Result "1/2-1/2"]
[WhiteElo "1871"]
[BlackElo "2003"]
[PlyCount "69"]
[EventDate "2010.??.??"]
[WhiteTeam "Slovakia"]
[BlackTeam "II"]
[WhiteTeamCountry "SVK"]
[BlackTeamCountry "SVK"]

1. e4 e5 2. Nf3 Nc6 3. Bb5 a6 4. Ba4 Nf6 5. O-O Nxe4 6. d4 b5 7. Bb3 d5 8. dxe5
Be6 9. Nbd2 Be7 10. c3 O-O 11. Re1 Nc5 12. Bc2 Qd7 13. Nb3 Bg4 14. Nbd4 Nxd4
15. cxd4 Ne6 16. Be3 Rfd8 17. h3 Bh5 18. Qd3 Bg6 19. Qe2 c5 20. Bxg6 hxg6 21.
dxc5 d4 22. Rad1 Bxc5 23. Bg5 Nxg5 24. Nxg5 Qf5 25. Nf3 Rac8 26. e6 Re8 27.
Nxd4 Bxd4 28. Rxd4 Rxe6 29. Qd1 Rc2 30. Rd2 Rxe1+ 31. Qxe1 Rxd2 32. Qxd2 Qb1+
33. Kh2 Qxa2 34. Qd8+ Kh7 35. Qh4+ 1/2-1/2

[Event "SR 3. liga A2 2010/2011"]
[Site "?"]
[Date "2010.11.14"]
[Round "3.5"]
[White "Londin, Martin"]
[Black "Bincik, Pavol"]
[Result "0-1"]
[WhiteElo "1977"]
[BlackElo "1909"]
[PlyCount "60"]
[EventDate "2010.??.??"]
[WhiteTeam "Slovakia"]
[BlackTeam "II"]
[WhiteTeamCountry "SVK"]
[BlackTeamCountry "SVK"]

1. e4 c6 2. d4 d5 3. e5 c5 4. Nf3 Nc6 5. c3 Bg4 6. Be2 e6 7. h3 Bxf3 8. Bxf3
cxd4 9. Qa4 dxc3 10. O-O cxb2 11. Bxb2 Nge7 12. Be2 Ng6 13. Bb5 Qd7 14. Rc1 Rc8
15. Nd2 Be7 16. Nb3 a6 17. Bd3 O-O 18. Na5 Ncxe5 19. Qxd7 Nxd7 20. Nxb7 Nb8 21.
Rab1 f6 22. Na5 Bb4 23. Nb3 e5 24. a3 Be7 25. Bf5 Rxc1+ 26. Rxc1 Nf4 27. Rc7
Bd6 28. Rc2 g6 29. Bc8 Kf7 30. Nc5 Rxc8 0-1

[Event "SR 3. liga A2 2010/2011"]
[Site "?"]
[Date "2010.11.14"]
[Round "3.5"]
[White "Sarmir, Milos"]
[Black "Lajda, Dusan"]
[Result "0-1"]
[WhiteElo "2062"]
[BlackElo "1890"]
[PlyCount "82"]
[EventDate "2010.??.??"]
[WhiteTeam "Slovakia"]
[BlackTeam "II"]
[WhiteTeamCountry "SVK"]
[BlackTeamCountry "SVK"]

1. e4 c5 2. Nf3 Nc6 3. d4 cxd4 4. Nxd4 d6 5. Be2 Nf6 6. Nc3 g6 7. O-O Bg7 8.
Be3 O-O 9. h3 Bd7 10. Qd2 a6 11. a4 Rc8 12. Nxc6 Bxc6 13. Bf3 Qc7 14. Rab1 Rfd8
15. Rfc1 e6 16. Bd4 Rd7 17. Qe3 d5 18. exd5 Nxd5 19. Nxd5 Bxd4 20. Qxd4 Bxd5
21. Bxd5 Rxd5 22. Qe3 Rcd8 23. Qe1 Rd2 24. c4 Qb6 25. b4 Qd4 26. b5 axb5 27.
axb5 b6 28. Rb3 Ra8 29. Qe3 e5 30. c5 bxc5 31. Rxc5 Raa2 32. Rxe5 Qa1+ 33. Kh2
Rxf2 34. Rg5 Rae2 35. Qd3 Qa8 36. Qg3 Qa1 37. b6 Rf1 38. Qd3 Rh1+ 39. Kg3 Qe1+
40. Kf4 Rf1+ 41. Qf3 Re4# 0-1

[Event "SR 3. liga A2 2010/2011"]
[Site "?"]
[Date "2010.11.14"]
[Round "3.5"]
[White "Valla, Tomas"]
[Black "Szekely, Stefan"]
[Result "0-1"]
[WhiteElo "1790"]
[BlackElo "1966"]
[PlyCount "96"]
[EventDate "2010.??.??"]
[WhiteTeam "Slovakia"]
[BlackTeam "II"]
[WhiteTeamCountry "SVK"]
[BlackTeamCountry "SVK"]

1. e4 d6 2. d4 Nf6 3. Nc3 g6 4. Be3 Bg7 5. Qd2 h5 6. h3 c6 7. f4 d5 8. Bd3 dxe4
9. Nxe4 Nbd7 10. Ng5 Nb6 11. c4 Bf5 12. Rc1 Nh7 13. Bxf5 Nxg5 14. Bb1 Ne6 15.
Nf3 f5 16. O-O Bf6 17. Rfd1 O-O 18. Ne5 Bxe5 19. fxe5 Rc8 20. Bh6 Rf7 21. d5
cxd5 22. cxd5 Rxc1 23. Rxc1 Qxd5 24. Qxd5 Nxd5 25. Rc8+ Kh7 $11 26. Bd2 Rf8 27.
Rxf8 Nxf8 28. a3 e6 29. Ba2 Nd7 30. Bxd5 exd5 31. Bc3 Nc5 32. Bd4 b6 33. b4 Ne6
34. Bb2 b5 35. Kf2 g5 36. g3 Kg6 37. Ke3 f4+ 38. gxf4 gxf4+ 39. Kf3 Kf5 40. h4
a6 41. Bc3 Nf8 42. Bd4 Ng6 43. e6 Kxe6 44. Bf2 Kf5 45. Be1 Ne5+ 46. Ke2 Ke4 47.
Bc3 d4 48. Bd2 Nf3 0-1

[Event "SR 3. liga A2 2010/2011"]
[Site "?"]
[Date "2010.11.14"]
[Round "3.6"]
[White "Bjel, Jan"]
[Black "Markuliak, Mario"]
[Result "1/2-1/2"]
[WhiteElo "1883"]
[BlackElo "1864"]
[PlyCount "67"]
[EventDate "2010.??.??"]
[WhiteTeam "Slovakia"]
[BlackTeam "II"]
[WhiteTeamCountry "SVK"]
[BlackTeamCountry "SVK"]

1. d4 Nf6 2. c4 g6 3. Nf3 Bg7 4. Nc3 d5 5. cxd5 Nxd5 6. e4 Nxc3 7. bxc3 c5 8.
Bb5+ Bd7 9. Bxd7+ Nxd7 10. O-O O-O 11. Be3 Qa5 12. Qb3 cxd4 13. cxd4 b6 14.
Rac1 Rac8 15. Rc4 Qa6 16. Rfc1 Qb7 17. e5 e6 18. Qc2 Rxc4 19. Qxc4 b5 20. Qc7
Rb8 21. Nd2 Nb6 22. Qxb7 Rxb7 23. Kf1 Bf8 24. Ke2 Nd5 25. Rc8 Kg7 26. Ne4 Be7
27. Bg5 Bxg5 28. Nxg5 b4 29. Ne4 Nc3+ 30. Nxc3 bxc3 31. Rxc3 Rb2+ 32. Ke3 Rxa2
33. Rc7 Ra1 34. g3 1/2-1/2

[Event "SR 3. liga A2 2010/2011"]
[Site "?"]
[Date "2010.11.14"]
[Round "3.6"]
[White "Feher, Tibor"]
[Black "Palka, Martin"]
[Result "0-1"]
[WhiteElo "1805"]
[BlackElo "1855"]
[PlyCount "66"]
[EventDate "2010.??.??"]
[WhiteTeam "Slovakia"]
[BlackTeam "II"]
[WhiteTeamCountry "SVK"]
[BlackTeamCountry "SVK"]

1. d4 d5 2. c4 c6 3. Nf3 Nf6 4. Nc3 e6 5. Bg5 h6 6. Bh4 g5 7. Bg3 dxc4 8. e4 b5
9. a4 Bb4 10. Nd2 Bxc3 11. bxc3 a6 12. Be2 Bb7 13. O-O Nbd7 14. f4 c5 15. Qb1
cxd4 16. cxd4 Qb6 17. Bf2 Qc6 18. Bf3 g4 19. d5 exd5 20. exd5 Nxd5 21. Re1+ Kf8
22. Qe4 N7f6 23. axb5 axb5 24. Qe7+ Nxe7 25. Bxc6 Nxc6 26. Bc5+ Kg7 27. Rab1
Ba6 28. Nf1 Rhe8 29. Ne3 Ne4 30. Nf5+ Kf6 31. Nd6 Nxd6 32. Bxd6 Rxe1+ 33. Rxe1
b4 0-1

[Event "SR 3. liga A2 2010/2011"]
[Site "?"]
[Date "2010.11.14"]
[Round "3.6"]
[White "Kalmar, Tamas"]
[Black "Brunovsky, Peter"]
[Result "0-1"]
[WhiteElo "1754"]
[BlackElo "1785"]
[PlyCount "86"]
[EventDate "2010.??.??"]
[WhiteTeam "Slovakia"]
[BlackTeam "II"]
[WhiteTeamCountry "SVK"]
[BlackTeamCountry "SVK"]

1. d4 d5 2. Nf3 Nf6 3. g3 Bf5 4. Bg2 e6 5. O-O Nbd7 6. c4 c6 7. Qb3 Qb6 8. Nc3
Bd6 9. Qxb6 axb6 10. cxd5 exd5 11. Bg5 h6 12. Bxf6 Nxf6 13. a3 O-O 14. Nd2 Rfe8
15. f3 Bg6 16. e4 dxe4 17. fxe4 Bc7 18. Rfe1 b5 19. Nb3 Bb6 20. e5 Ng4 21. Kh1
Bc2 22. Nc5 Bxc5 23. dxc5 Nxe5 24. Rac1 Bg6 25. Bf1 Rad8 26. Red1 f6 27. Rxd8
Rxd8 28. Rd1 Rxd1 29. Nxd1 Be4+ 30. Kg1 Nf3+ 31. Kf2 Nxh2 32. Bh3 f5 33. Ke3
Bc2 34. Nc3 Ng4+ 35. Kf3 h5 36. Kf4 Kf7 37. Kg5 g6 38. Bg2 Ne3 39. Bf3 Nf1 40.
Kf4 Kf6 41. Bg2 g5+ 42. Kf3 Nd2+ 43. Ke2 Ne4 0-1

[Event "SR 3. liga A2 2010/2011"]
[Site "?"]
[Date "2010.11.14"]
[Round "3.6"]
[White "Mackovic, Miroslav"]
[Black "Bilovsky, Milan"]
[Result "1-0"]
[WhiteElo "1915"]
[BlackElo "1918"]
[PlyCount "131"]
[EventDate "2010.??.??"]
[WhiteTeam "Slovakia"]
[BlackTeam "II"]
[WhiteTeamCountry "SVK"]
[BlackTeamCountry "SVK"]

1. e4 c5 2. Nf3 Nc6 3. d4 cxd4 4. Nxd4 Nf6 5. Nc3 e6 6. Ndb5 a6 7. Nd6+ Bxd6 8.
Qxd6 Qe7 9. Bf4 Nh5 10. Qxe7+ Kxe7 11. Bc7 Nf6 12. O-O-O Ne8 13. Bg3 b5 14. e5
f6 15. f4 Bb7 16. Ne4 Nb4 17. Nc5 Nxa2+ 18. Kb1 Bd5 19. Rxd5 exd5 20. Kxa2 Rc8
21. Bf2 d6 22. exd6+ Nxd6 23. Bd3 f5 24. Kb1 Rc6 25. Nb3 Ne4 26. Bh4+ Kd7 27.
Nd4 Rg6 28. Nxf5 Re8 29. Bg3 h6 30. Kc1 Kc6 31. Nd4+ Kc5 32. Ne2 Rge6 33. Kd1
a5 34. Be1 b4 35. Ng3 Nd6 36. Bf2+ Kc6 37. Ne2 Kc7 38. Nd4 Rf6 39. Bg3 Kb6 40.
Re1 Rxe1+ 41. Kxe1 a4 42. Kd1 a3 43. bxa3 bxa3 44. Kc1 Nc4 45. Bxc4 dxc4 46. c3
g5 47. f5 Kc5 48. Kb1 Kd5 49. Ka2 Ra6 50. Ne6 Rb6 51. Nd4 Ra6 52. Be1 Ke4 53.
g4 Kd3 54. h3 Ke3 55. Bg3 Kd3 56. Be1 Ke3 57. Nc2+ Ke2 58. Nb4 Ra8 59. Bg3 Re8
60. Nc6 Rc8 61. Ne7 Re8 62. f6 Kf3 63. Bd6 Kg2 64. Nf5 Kxh3 65. Nxh6 Rh8 66. f7
1-0

[Event "SR 3. liga A2 2010/2011"]
[Site "?"]
[Date "2010.11.14"]
[Round "3.6"]
[White "Nemsak, Denis"]
[Black "Vepy, Ivan"]
[Result "1-0"]
[WhiteElo "1791"]
[BlackElo "1935"]
[PlyCount "135"]
[EventDate "2010.??.??"]
[WhiteTeam "Slovakia"]
[BlackTeam "II"]
[WhiteTeamCountry "SVK"]
[BlackTeamCountry "SVK"]

1. c4 e5 2. Nf3 Nc6 3. Nc3 Nf6 4. g3 d6 5. Bg2 Be7 6. O-O O-O 7. d3 h6 8. a3
Bg4 9. h3 Be6 10. Bd2 Qd7 11. Kh2 Rad8 12. Rc1 d5 13. cxd5 Nxd5 14. b4 a6 15.
Na4 f5 16. Nc5 Bxc5 17. Rxc5 Qe7 18. Qc2 Bf7 19. Nh4 Nd4 20. Qd1 b6 21. Rc1 Bh5
22. Nf3 Nxe2 23. Qxe2 e4 24. Rfe1 exf3 25. Qxe7 Nxe7 26. Rxe7 fxg2 27. Rcxc7
Rf7 28. Kxg2 Rxd3 29. Be3 Rxa3 30. Rxf7 Bxf7 31. Kf3 Rb3 32. Ra7 g5 33. Ke2
Rxb4 34. Kd3 a5 35. Kc3 Rc4+ 36. Kb2 a4 37. Rb7 f4 38. gxf4 gxf4 39. Bxb6 f3
40. Ka3 Rh4 41. Be3 Kg7 42. Rb4 Rxh3 43. Rg4+ Bg6 44. Kxa4 h5 45. Rg1 Rh4+ 46.
Kb5 Re4 47. Kc5 Kf6 48. Kd5 Re8 49. Kd4 Bf5 50. Bg5+ Kg6 51. Be3+ Bg4 52. Rh1
Kf5 53. Kd3 Rh8 54. Rh4 Rd8+ 55. Kc2 Ke4 56. Rh1 Rc8+ 57. Kd2 Rd8+ 58. Kc2 Rd5
59. Rh2 Ke5 60. Rh1 Bf5+ 61. Kc1 Ke4 62. Rxh5 Kd3 63. Kb2 Ke2 64. Kc3 Rd3+ 65.
Kc4 Be6+ 66. Kc5 Ra3 67. Re5 Rc3+ 68. Kd6 1-0

[Event "SR 3. liga A2 2010/2011"]
[Site "?"]
[Date "2010.11.14"]
[Round "3.6"]
[White "Puskas, Miroslav"]
[Black "Both, Tamas"]
[Result "1-0"]
[WhiteElo "1970"]
[BlackElo "1781"]
[PlyCount "43"]
[EventDate "2010.??.??"]
[WhiteTeam "Slovakia"]
[BlackTeam "II"]
[WhiteTeamCountry "SVK"]
[BlackTeamCountry "SVK"]

1. e4 e5 2. Nf3 Nc6 3. Bc4 d6 4. d4 Bg4 5. c3 exd4 6. cxd4 Be7 7. Qb3 d5 8.
Bxd5 Bxf3 9. Qxf3 Nf6 10. Bxc6+ bxc6 11. e5 Nd5 12. O-O O-O 13. Nc3 Nb4 14. Be3
Rb8 15. b3 Nc2 16. Rad1 Nxe3 17. Qxe3 f6 18. e6 Bd6 19. d5 f5 20. dxc6 f4 21.
Qf3 Rf6 22. Rfe1 1-0

[Event "SR 3. liga A2 2010/2011"]
[Site "?"]
[Date "2010.11.14"]
[Round "3.7"]
[White "Bertalan, Balint"]
[Black "Klanica, Anton"]
[Result "1-0"]
[WhiteElo "1802"]
[BlackElo "1851"]
[PlyCount "99"]
[EventDate "2010.??.??"]
[WhiteTeam "Slovakia"]
[BlackTeam "II"]
[WhiteTeamCountry "SVK"]
[BlackTeamCountry "SVK"]

1. e4 e6 2. Nf3 d5 3. e5 c5 4. d4 Nc6 5. Bb5 Qa5+ 6. Nc3 Bd7 7. Be3 a6 8. Bxc6
Bxc6 9. O-O Rc8 10. Ng5 Rc7 11. f4 cxd4 12. Bxd4 g6 13. Rf3 Ne7 14. g4 Bg7 15.
Ne2 h6 16. Rh3 Qb4 17. Rb3 Qa5 18. Bb6 Qa4 19. c3 hxg5 20. Bxc7 Qe4 21. Qf1 Bb5
22. Re1 Qe3+ 23. Qf2 Qxf2+ 24. Kxf2 Rxh2+ 25. Ke3 Kd7 26. Bd6 Rh3+ 27. Kf2 Rh2+
28. Kf3 Rh3+ 29. Ng3 gxf4 30. Kxf4 g5+ 31. Kf3 Ng6 32. c4 Bc6 33. Kf2 dxc4 34.
Rbe3 Rh2+ 35. Kg1 Rg2+ 36. Kf1 Nf4 37. b3 cxb3 38. axb3 Bb5+ 39. Ne2 Rxg4 40.
Kf2 Bxe2 41. R3xe2 Nd3+ 42. Kf1 Nxe1 43. Kxe1 Rg1+ 44. Kd2 Rh1 45. Rg2 f6 46.
exf6 Bxf6 47. Bc5 Kc6 48. Be3 b5 49. Bxg5 Bxg5+ {ako dalej neviem} 50. Rxg5 1-0

[Event "SR 3. liga A2 2010/2011"]
[Site "?"]
[Date "2010.11.14"]
[Round "3.7"]
[White "Brisudova, Veronika"]
[Black "Strapko, Tomas"]
[Result "1-0"]
[WhiteElo "1797"]
[BlackElo "1892"]
[PlyCount "107"]
[EventDate "2010.??.??"]
[WhiteTeam "Slovakia"]
[BlackTeam "II"]
[WhiteTeamCountry "SVK"]
[BlackTeamCountry "SVK"]

1. e4 c5 2. Nf3 Nc6 3. d4 cxd4 4. Nxd4 Nf6 5. Nc3 e5 6. Ndb5 d6 7. Bg5 a6 8.
Na3 b5 9. Nd5 Be7 10. Bxf6 Bxf6 11. c3 Bg5 12. Bd3 Be6 13. O-O O-O 14. c4 bxc4
15. Bxc4 Rb8 16. b3 Qa5 17. Nc2 Bxd5 18. Qxd5 Qxd5 19. Bxd5 Ne7 20. Rad1 Nxd5
21. Rxd5 Rfc8 22. Na3 Be7 23. Nc4 Rd8 24. Rfd1 Rbc8 25. Kf1 Rc5 26. Rxc5 dxc5
27. Rxd8+ Bxd8 28. Nxe5 Bc7 29. Nd7 f6 30. Nxc5 a5 31. Ke2 Kf7 32. Kd3 Ke7 33.
Kc4 Kd6 34. Kb5 Ke5 35. f3 g5 36. Kc6 Bd6 37. Nd7+ Ke6 38. Nxf6 Bxh2 39. Nxh7
Bf4 40. Nf8+ Kf6 41. Nd7+ Kg6 42. Nc5 Kh5 43. Nb7 Kh4 44. Nxa5 Kg3 45. Nc4 Kxg2
46. e5 Kxf3 47. e6 g4 48. e7 g3 49. e8=Q g2 50. Qe1 Bg3 51. Nd2+ Kg4 52. Qe4+
Kh3 53. Nf3 Bf2 54. b4 1-0

[Event "SR 3. liga A2 2010/2011"]
[Site "?"]
[Date "2010.11.14"]
[Round "3.7"]
[White "Husek, Lubomir"]
[Black "Jablonicky, Martin"]
[Result "1-0"]
[WhiteElo "1786"]
[BlackElo "1884"]
[PlyCount "115"]
[EventDate "2010.??.??"]
[WhiteTeam "Slovakia"]
[BlackTeam "II"]
[WhiteTeamCountry "SVK"]
[BlackTeamCountry "SVK"]

1. e4 c6 2. d4 d5 3. Nc3 dxe4 4. Nxe4 Bf5 5. Ng3 Bg6 6. Nf3 Nd7 7. Be3 Ngf6 8.
Bc4 e6 9. O-O Nb6 10. Bd3 Bxd3 11. Qxd3 Be7 12. Rad1 O-O 13. c4 Rc8 14. b3 Qc7
15. Qb1 Rfd8 16. Qc1 c5 17. Bf4 Qc6 18. Ne5 Qe8 19. dxc5 Bxc5 20. Rxd8 Rxd8 21.
Bg5 Be7 22. Rd1 h6 23. Rxd8 Qxd8 24. Be3 a6 25. Qd2 Qxd2 26. Bxd2 Nbd7 27. Nxd7
Nxd7 28. Kf1 Kf8 29. Ke2 Bc5 30. Ne4 Ba7 31. Bb4+ Kg8 32. f4 Nb8 33. Kd3 Bg1
34. h3 Nc6 35. Bc3 Bh2 36. Ke3 Ne7 37. Kf3 Bg1 38. g4 Ba7 39. Nd6 b6 40. Ne8
Bb8 41. Nxg7 Ng6 42. Nh5 Bd6 43. Nf6+ Kf8 44. Nd7+ Ke7 45. Nxb6 Bc7 46. Na4
Nxf4 47. h4 e5 48. Nc5 a5 49. Nb7 Nd3 50. Bxa5 Kd7 51. Ke3 Nc1 52. Nc5+ Kc6 53.
Bxc7 Kxc5 54. Bxe5 Nxa2 55. Bg7 Nc1 56. Bf8+ Kc6 57. b4 Na2 58. Kd2 1-0